000 00347nam a22001457a 4500
020 _a978-81-7754-442-3
041 _aENG
100 _aBarman.U
245 _aFundamentals of Agricultural Extension
260 _aJodhpur
_bAgroblos
_c2018
300 _a249
650 _aUPSC
700 _aTalukdar.R.K , Mishra .P
856 _uCompetitive Exam
999 _c231
_d231